| 000 | 01062namaa2200301 i 4500 | ||
|---|---|---|---|
| 003 | EG-GICUC | ||
| 005 | 20260608123510.0 | ||
| 008 | 260608s2003 ua ||||jr|||| 000 j ara d | ||
| 017 |
_a2002 / 16774 _bدار الكتب والوثائق القومية (مصر) |
||
| 040 |
_aEG-GiCUC _bara _cEG-GiCUC _dEG-GiCUC _erda |
||
| 043 | _af-ua--- | ||
| 082 | 0 | 4 |
_221 _a813.008 _bZ217 |
| 092 | 0 | 4 |
_221 _a813.008 _bZ217 |
| 099 | _a813.008 Z217 | ||
| 100 | 1 |
_aزكى، أحمد كمال _eمؤلف. |
|
| 245 |
_aوخز كان : _bقصص / _cأحمد كمال زكى |
||
| 264 |
_aالقاهرة (مصر) : _bالمجلس الاعلى للثقافة، _c2003. |
||
| 300 |
_a132 صفحة _b؛ _c24 سم |
||
| 336 |
_2rdacontent _atext |
||
| 337 |
_2rdamedia _aUnmediated |
||
| 338 |
_2rdacarrier _avolume |
||
| 490 |
_aالكتاب الاول ؛ _v61 |
||
| 541 |
_aوزارة الثقافة ؛ _bالقاهرة ؛ _cإهداء ؛ _d2023. |
||
| 650 | 1 | 7 |
_aالقصص العربية _xمجموعات _2qrmak |
| 651 | 1 | _2qrmak | |
| 905 | _aNermeen | ||
| 942 |
_2ddc _cBK _e21 _n0 |
||
| 999 |
_c180420 _d180420 |
||